<?xml version="1.0" encoding="UTF-8"?>
<record
    xmlns:xsi="http://www.w3.org/2001/XMLSchema-instance"
    xsi:schemaLocation="http://www.loc.gov/MARC21/slim http://www.loc.gov/standards/marcxml/schema/MARC21slim.xsd"
    xmlns="http://www.loc.gov/MARC21/slim">

  <leader>02161    a2200217   4500</leader>
  <controlfield tag="001">22095</controlfield>
  <controlfield tag="005">20260407155509.0</controlfield>
  <controlfield tag="008">260407a1998    arg                 spa d</controlfield>
  <controlfield tag="003">AR-UNSa-BCEJYS</controlfield>
  <datafield tag="040" ind1=" " ind2=" ">
    <subfield code="a">AR-UNSa-BCEJYS</subfield>
    <subfield code="b">spa</subfield>
    <subfield code="c">AR-UNSa-BCEJYS</subfield>
  </datafield>
  <datafield tag="080" ind1=" " ind2=" ">
    <subfield code="a">657</subfield>
    <subfield code="x">Contabilidad</subfield>
  </datafield>
  <datafield tag="245" ind1="1" ind2="0">
    <subfield code="a">Contabilidad Superior</subfield>
    <subfield code="p">Consolidaci&#xF3;n y normas relativas a las cuentas consolidadas</subfield>
  </datafield>
  <datafield tag="020" ind1=" " ind2=" ">
    <subfield code="a">84-89996-03-2</subfield>
  </datafield>
  <datafield tag="264" ind1=" " ind2="1">
    <subfield code="a">Madrid :</subfield>
    <subfield code="b">Instituto de Auditores - Censores Jurados de Cuentas de Espa&#xF1;a</subfield>
    <subfield code="c">1998</subfield>
  </datafield>
  <datafield tag="300" ind1=" " ind2=" ">
    <subfield code="a">677 p.</subfield>
    <subfield code="c">24 cm.</subfield>
  </datafield>
  <datafield tag="505" ind1=" " ind2=" ">
    <subfield code="a">1. La regulaci&#xF3;n mercantil de la consolidaci&#xF3;n - 2. Sujetos de la consolidaci&#xF3;n - 3. Obligaci&#xF3;n de consolidar y motivos de dispensa de la misma - 4. Aplicaci&#xF3;n de los m&#xE9;todos de consolidaci&#xF3;n - 5. Cuestiones generales - 6. Homgeneizaci&#xF3;n previa - 7. Eliminaci&#xF3;n inversi&#xF3;n-fondos propios en la primera consolidaci&#xF3;n - 8. Eliminaci&#xF3;n inversi&#xF3;n-fondos propios en consolidaciones posteriores - 9. Eliminaci&#xF3;n inversi&#xF3;n-fondos propios en casos particulares - 10. Eliminaciones de partidas rec&#xED;procas.cuestiones generales - 11. Eliminaciones que no afectan al resultado - 12. Eliminaciones de resultados.Cuestiones generales - 13. Eliminaci&#xF3;n de resultados por operaciones de existencias - 14. Eliminaci&#xF3;n de resultados por operaciones de inmovilizado - 15. Eliminaci&#xF3;n de resultados por operaciones de servicios - 16. Eliminaci&#xF3;n de resultados por operaciones con activos financieros - 17. Eliminaci&#xF3;n de dividendos - 18. M&#xE9;todo de investigaci&#xF3;n proporcional - 19. Procedimientos de puesta en equivalencia - 20. Conversi&#xF3;n de cuentas anuales en moneda extranjera - 21. La declaraci&#xF3;n fiscal consolidada - 22. El impuesto sobre beneficios como gasto del ejercicio - 23. Obligaciones legales en relaci&#xF3;n con las cuentas consolidadas - 24. Balance y cuenta de perdidas y ganancias - 25. La memoria consolidada - 26. El informe de gesti&#xF3;n consolidado - 27. El informe de auditor&#xED;a.  </subfield>
  </datafield>
  <datafield tag="942" ind1=" " ind2=" ">
    <subfield code="c">BK</subfield>
  </datafield>
  <datafield tag="590" ind1=" " ind2=" ">
    <subfield code="a">niveau_biblio:m niveau_hierar:0</subfield>
  </datafield>
  <datafield tag="100" ind1="1" ind2=" ">
    <subfield code="a">Tua Pereda, Jorge</subfield>
  </datafield>
  <datafield tag="856" ind1="4" ind2="1">
    <subfield code="u">https://biblioeco.unsa.edu.ar/pmb/images/libros/Escuela de Auditoria.jpg</subfield>
    <subfield code="y">Imagen de portada</subfield>
    <subfield code="q">image/jpeg</subfield>
  </datafield>
  <datafield tag="999" ind1=" " ind2=" ">
    <subfield code="c">894</subfield>
    <subfield code="d">894</subfield>
  </datafield>
  <datafield tag="952" ind1=" " ind2=" ">
    <subfield code="0">0</subfield>
    <subfield code="1">0</subfield>
    <subfield code="4">0</subfield>
    <subfield code="7">0</subfield>
    <subfield code="a">BCEJYS</subfield>
    <subfield code="b">BCEJYS</subfield>
    <subfield code="c">16</subfield>
    <subfield code="d">2026-04-07</subfield>
    <subfield code="l">0</subfield>
    <subfield code="o">P657 T883c</subfield>
    <subfield code="p">L119548</subfield>
    <subfield code="r">2026-04-07 15:55:09</subfield>
    <subfield code="w">2026-04-07</subfield>
    <subfield code="y">L</subfield>
  </datafield>
</record>
